Abeceda k PCB v rámci POPs

Bibliographic Details
Main Author: Fratričová, Marta (Author)
Format: Article
Language:Slovak
Subjects:

MARC

LEADER 00000nab a2200000 a 4500
001 vtls000864241
003 SK-MaSNL
005 20260304110344.0
008 250429c2003 xo 0 slo
015 |a SNBRB2004/02-06143 
035 |a CLN000215795 
035 |a urn:nbn:sk:snk-abrxj 
035 |a (urnnbn)urn:nbn:sk:snk:ar-a03mgn 
035 |a (uuid)4b5e7374-7174-4c91-bbe8-b54a6784d7d8 
040 |a SNKBUCL  |b slo  |c SNKBUCL  |e AACR2 
041 0 |a slo 
044 |a xo  |c SK 
080 |a 504.064:547  |2 1997 
080 |a 547  |2 1997 
100 1 |a Fratričová, Marta  |4 aut  |9 800653 
245 1 0 |a Abeceda k PCB v rámci POPs  |c Marta Fratričová 
650 0 7 |a perzistentné organické znečisťujúce látky  |2 snkbucl  |9 29406 
650 0 7 |a polychlórované bifenyly  |2 snkbucl  |9 29404 
655 7 |a články z novín a časopisov  |2 snkbucl  |9 267496 
773 0 |t Odpady  |g Roč. 3, č. 10 (2003), s. 32-33  |x 1335-7808 
850 |a Slovenská národná knižnica 
852 |a Slovenská národná knižnica 
954 |a odborná, vedecká literatúra pôvodná (slovenská)  |2 lita 
958 |a article27 
958 |a OND 
958 |a EUIPO 
992 |a RBX 
999 |c 2859613  |d 2861543